| 000 | 00659nam a22001937a 4500 | ||
|---|---|---|---|
| 005 | 20251108164124.0 | ||
| 008 | 250721s1994 xx 000 0 ara d | ||
| 082 | 1 | 4 | _a025.3132/بحث |
| 100 | 1 | _aهارتلي، آر.جي. | |
| 245 | 1 | 0 |
_aالبحث بالإتصال المباشر : _bالمبادىء و التطبيقات / |
| 264 | 1 |
_aعمان : _bالجامعة الاردنية، _c1994. |
|
| 300 | _a431ص | ||
| 650 | 1 | 7 | _aعلم المعلومات |
| 650 | 1 | 7 | _aإسترجاع المعلومات |
| 650 | 1 | 7 | _aقواعد المعلومات |
| 700 | 1 |
_aيونس، عبد الرزاق مصطفى _eترجمة |
|
| 942 |
_2ddc _cBK |
||
| 999 |
_c4163 _d4163 |
||